[Event "Gran Canaria Galdos op 3rd"]
[Site "Gran Canaria"]
[Date "2018.04.23"]
[Round "3"]
[White "Usljebrka, Aleksandar"]
[Black "Sanchez Ramirez, Gustavo"]
[Result "1-0"]
[WhiteElo "1404"]
[BlackElo "1630"]
[PlyCount "125"]
[EventDate "2018.04.18"]
[EventType "swiss"]
[EventRounds "5"]
[EventCountry "ESP"]
[SourceTitle "EXT 2024"]
[Source "ChessBase"]
[SourceDate "2023.10.10"]
[SourceVersion "1"]
[SourceVersionDate "2023.10.10"]
[SourceQuality "1"]

1. e4 c5 2. Nf3 d6 3. d4 Bd7 4. Bd3 Nf6 5. h3 Nc6 6. c3 cxd4 7. Nxd4 g6 8. Be3 Bg7 9. Nd2 0-0 10. 0-0 Ne8 11. f4 e5 12. Ne2 exf4 13. Bxf4 Ne5 14. Bc2 Qb6+ 15. Kh1 Rc8 16. Bb3 Bb5 17. Nf3 Nd3 18. Nfd4 Nxb2 19. Qd2 Nc4 20. Qc1 Nf6 21. Bc2 Bc6 22. Nxc6 Qxc6 23. Nd4 Qa6 24. Bd3 d5 25. e5 Nd7 26. Qe1 Rfe8 27. Nf3 f6 28. Qg3 fxe5 29. Bd2 e4 30. Bxc4 Rxc4 31. Ng5 Nf6 32. h4 h6 33. Nh3 Nh5 34. Qe3 Qd6 35. Nf4 d4 36. cxd4 Bxd4 37. Qb3 b5 38. Qxb5 Rc5 39. Qxe8+ Kh7 40. Nxh5 Rxh5 41. Rf7+ Bg7 42. Qe7 Qd4 43. Rxg7+ Qxg7 44. Qxg7+ Kxg7 45. g3 g5 46. Kg2 gxh4 47. gxh4 Rxh4 48. Rh1 Rg4+ 49. Kf2 Rg6 50. Rh4 Re6 51. Ke3 Ra6 52. Bc3+ Kg6 53. Rh2 Ra3 54. Rc2 Ra4 55. Bd4 Kf5 56. Rf2+ Kg4 57. Kxe4 h5 58. Kd5 h4 59. Kc5 h3 60. Rd2 Ra5+ 61. Kc4 Kg3 62. Kb4 Rd5 63. Bf2+ 1-0

[Event "Las Palmas Cabildo op"]
[Site "Las Palmas"]
[Date "2017.03.31"]
[Round "7"]
[White "Santana Chacopino, Carlos"]
[Black "Usljebrka, Aleksandar"]
[Result "0-1"]
[WhiteElo "1434"]
[BlackElo "1444"]
[PlyCount "54"]
[EventDate "2017.03.10"]
[EventType "swiss"]
[EventRounds "7"]
[EventCountry "ESP"]
[SourceTitle "EXT 2018"]
[Source "ChessBase"]
[SourceDate "2017.10.13"]
[SourceVersion "1"]
[SourceVersionDate "2017.10.13"]
[SourceQuality "1"]

1. d4 d5 2. Bf4 Bf5 3. Nf3 e6 4. e3 Bd6 5. Bg5 f6 6. Bh4 a6 7. Bd3 Ne7 8. Bg3 Nbc6 9. c3 Qd7 10. Qc2 Bxd3 11. Qxd3 e5 12. dxe5 Nxe5 13. Nxe5 fxe5 14. Nd2 0-0-0 15. 0-0-0 e4 16. Qc2 Bxg3 17. hxg3 Qf5 18. Rhf1 Qg6 19. Nb3 Nc6 20. Kb1 Ne5 21. Nc1 Rhf8 22. Qd2 c5 23. Ne2 Nc4 24. Qc2 Qb6 25. Nf4 Na3+ 26. Kc1 Nxc2 27. Kxc2 d4 0-1